Normal view
MARC view
- American Institute of Architects
Entry Corporate Name
001 - CONTROL NUMBER
- control field: 45256
003 - CONTROL NUMBER IDENTIFIER
- control field: NUST
005 - DATE AND TIME OF LATEST TRANSACTION
- control field: 20210314133209.0
008 - FIXED-LENGTH DATA ELEMENTS
- fixed length control field: 210314|| aca||aabn | a|a d
040 ## - CATALOGING SOURCE
- Original cataloging agency: NUST
- Transcribing agency: NUST
110 ## - HEADING--CORPORATE NAME
- Corporate name or jurisdiction name as entry element: American Institute of Architects
670 ## - SOURCE DATA FOUND
- Source citation: Work cat.: (NUST): Sing, Shamshsher 45253, Urban Planning and Development, c1992.
